00801nam a22002057a 4500020001800000040001700018082001900035100002800054245012800082250001900210260005100229300003200280546001600312610003800328650004300366700002700409942002600436999001900462952011400481 a9789692353113 cPK-NSHSNUST  a355.00924bKHA3 aKhan, Lehrasab 91258250 aFrom Jajja to Jajja : bjourney of my life as narrated to my granddaughter Amina Nadeem /cLt General Lehrasab Khan (Retd). aFirst Edition.3 aRawalpindi:bJajja Educational Complex,c2023. a427 pages :c25 cm bill. ; ain English.10aPakistan bArmyvBiography.96758 0aGeneralsxBiography.zPakistan91258391 aLehrasab Khan 9125826 2ddccBKe1st Edition  c611493d611493 00102ddc4070aNSHSbNSHScGENd2024-09-11eDonation o355.00924 KHApNSHS-1778r2024-09-12w2024-09-12yBK